| 000 | 00784cab a2200241 4500 | ||
|---|---|---|---|
| 001 | ABS60247 | ||
| 008 | 090401t1999 xxu||||| |||| 00| 0 eng d | ||
| 035 | _a(Sirsi) u99719 | ||
| 041 | _aeng | ||
| 100 | _aWhitmore, J. | ||
| 245 | _aDuty bound | ||
| 260 | _c1999 | ||
| 350 | _a0 | ||
| 490 |
_aProperty Week _v64(8) 26 February 1999, 31(1) |
||
| 520 | _aConsiders the implications of another increase in stamp duty in the March 1999 budget. The new rates will be 2.5% for transactions over £250,000, but not more than £500,000 and 3.5% where the price exceeds £500,000. Outlines ways to avoid paying the tax. | ||
| 650 | _aBUDGET | ||
| 650 | _aINCREASES | ||
| 650 | _aSTAMP DUTY | ||
| 650 | _aTAX EVASION | ||
| 690 | _aTAXATION | ||
| 942 | _n0 | ||
| 948 | _c03/03/1999 | ||
| 999 |
_c59956 _d59956 |
||